LEADER 01181nam a2200265 i 4500 001 000000183425 003 CaOOAMICUS 005 20091113000000.0 008 091113s1968 it u000 u ita u 013 $a161393 040 $aSeMil$bita 100 1 $aZoppi, Sergio.$0(OLS)http://semarc/name/18615 245 10$aRomolo Murri e la prima Democrazia Cristiana /$cSergio Zoppi ; prefazione di Giovanni Spadolini. 260 $aFirenze :$bVallecchi,$ccopyr. 1968. 300 $aXIV, 229 p. ;$c21 cm. 490 0 $a14x21 : problemi del nostro tempo 500 $aContiene : Bibliografia. 600 14$aMurri, Romolo <1870-1944>.$0(OLS)http://semarc/subject/4097 650 4$aDemocrazia Cristiana <1943-1994>.$0(OLS)http://semarc/subject/1963 700 1 $aSpadolini, Giovanni <1925-1994>.$0(OLS)http://semarc/name/3766 830 0$a14x21 : problemi del nostro tempo.$0(OLS)http://semarc/title/29978 850 $aSeMil 852 $aSeMil$W1$xVenegono$y1$m3E III 168$j134125$B134125$CSeMilBibl$Z2$F145763 $81 996 $6245$aRomolo Murri e la prima Democrazia Cristiana$9(OLS)http://semarc/title/263246 996 $6260$aFirenze :$bVallecchi$9(OLS)http://semarc/publisher/29768 LEADER 01038nam a2200241 i 4500 001 000000072865 003 CaOOAMICUS 005 20090428000000.0 008 090428s1947 it u000 u ita u 013 $a44037 040 $aSeMil$bita 100 1 $aLombardi, Riccardo .$0(OLS)http://semarc/name/90125 245 13$aLa dottrina marxista :$besposizione e discussione /$cRiccardo Lombardi. 260 $aRoma :$bLa Civiltą Cattolica,$cstampa 1947. 300 $a329 p. ;$c19 cm. 490 0 $aQuestioni di attualitą ;$v14. 650 4$aMaterialismo dialettico.$0(OLS)http://semarc/subject/5630 650 4$aMarxismo.$0(OLS)http://semarc/subject/494 830 0$aQuestioni di attualitą ;$v14.$0(OLS)http://semarc/title/21748 850 $aSeMil 852 $aSeMil$W1$xVenegono$y1$m2Q III 87$j39018$B39018$CSeMilBibl$Z2$F39021 $81 996 $6245$aLa dottrina marxista :$besposizione e discussione$9(OLS)http://semarc/title/117547 996 $6260$aRoma :$bLa Civiltą Cattolica$9(OLS)http://semarc/publisher/29890